02317cam a22003972 b450000100090000000300120000900500170002100600190003800700150005700800410007202000180011302000690013102400180020003500260021803700130024404000240025708200250028121000490030624501180035526001010047344000580057450200060063250600430063852006700068152100620135170000350141370000300144870000300147871000420150877300330155085601160158391000400169994200120173999900190175195201490177010355184Nust- CAS-E20180118181409.0m d cr n 120411e20121204nju s|||||||| ||eng|d a9781118217535 a1118217535 (Online Resource)cUSD 79.95 Retail Price (Publisher)3 a9781118217535 a(WaSeSS)ssj0000810592 b00028608 aBIP USdWaSeSScDDC 223a620.14bCER 201310aCeramic Materials for Energy Applications II00aCeramic Materials for Energy Applications IIh[electronic resource]:bCeramic Engineering and Science Proceedings bWiley-American Ceramic Society [Imprint]cDec. 2012aHoboken : bJohn Wiley & Sons, Incorporated 0aCeramic Engineering and Science Proceedings Ser.v586 a0 aLicense restrictions may limit access.8 aAnnotationbDedicated to the innovative design and use of ceramic materials for energy applications, this issue brings readers up to date with some of the most important research discoveries and new and emerging applications in the field. Contributions come from the proceedings of three symposia, as well as the European Union-USA Engineering Ceramics Summit. The three symposia are: Ceramics for Electric Energy Generation, Storage, and Distribution; Advanced Ceramics and Composites for Nuclear and Fusion Applications; and Advanced Materials and Technologies for Rechargeable Batteries. An abundance of charts, tables, and illustrations are included throughout. aScholarly & ProfessionalbJohn Wiley & Sons, Incorporated1 aBelharouak, IliaseEditor4edt1 aKatoh, YutaieEditor4edt1 aLin, Hua-TayeEditor4edt1 aFox Software, Inc. StaffeEditor4edt 0tWiley-Blackwell Online Books40uhttp://www.columbia.edu/cgi-bin/cul/resolve?clio10355184zFull text available from Wiley-Blackwell Online Books aBowker Global Books in Print record 2ddccBK c355666d355666 00102ddc40708NFICaCAS-EbCAS-EcDISPLAYd2015-11-13eMultiline Booksg6568.00l0o620.14 CER 2013pCAS-E0000518r2015-11-13w2015-11-13yBK